A Dél-alföldi régióban végzett ürömlevelű parlagfű (Ambrosia artemisiifolia L.) pollenkoncentráció adatai 2016-2018 között

Elmentve itt :
Bibliográfiai részletek
Szerzők: Vojnich Viktor József
Udvardy Orsolya
Kajtor-Apatini Dóra
Szigeti Tamás
Markó Zoltánné
Lehoczki Nyina
Lehoczki Károly
Pölös Endre
Palkovics András
Makra László
Szarvas Adrienn
Monostori Tamás
Magyar Donát
Dokumentumtípus: Cikk
Megjelent: 2020
Sorozat:GEORGIKON FOR AGRICULTURE: A MULTIDISCIPLINARY JOURNAL IN AGRICULTURAL SCIENCES 24 No. 1
Tárgyszavak:
mtmt:31134976
Online Access:http://publicatio.bibl.u-szeged.hu/28623
LEADER 01265nab a2200337 i 4500
001 publ28623
005 20231108151852.0
008 231108s2020 hu o 0|| Magyar d
022 |a 0239-1260 
024 7 |a 31134976  |2 mtmt 
040 |a SZTE Publicatio Repozitórium  |b hun 
041 |a Magyar 
100 1 |a Vojnich Viktor József 
245 1 2 |a A Dél-alföldi régióban végzett ürömlevelű parlagfű (Ambrosia artemisiifolia L.) pollenkoncentráció adatai 2016-2018 között  |h [elektronikus dokumentum] /  |c  Vojnich Viktor József 
260 |c 2020 
300 |a 164-169 
490 0 |a GEORGIKON FOR AGRICULTURE: A MULTIDISCIPLINARY JOURNAL IN AGRICULTURAL SCIENCES  |v 24 No. 1 
650 4 |a Mezőgazdaság, erdészet, halászat 
700 0 1 |a Udvardy Orsolya  |e aut 
700 0 2 |a Kajtor-Apatini Dóra  |e aut 
700 0 2 |a Szigeti Tamás  |e aut 
700 0 2 |a Markó Zoltánné  |e aut 
700 0 2 |a Lehoczki Nyina  |e aut 
700 0 2 |a Lehoczki Károly  |e aut 
700 0 2 |a Pölös Endre  |e aut 
700 0 2 |a Palkovics András  |e aut 
700 0 2 |a Makra László  |e aut 
700 0 2 |a Szarvas Adrienn  |e aut 
700 0 2 |a Monostori Tamás  |e aut 
700 0 2 |a Magyar Donát  |e aut 
856 4 0 |u http://publicatio.bibl.u-szeged.hu/28623/3/31134976_megjelent.pdf  |z Dokumentum-elérés